000
00303 a2200145 4500
001
178484
020
_a
040
_c
Magnum
100
_a
Braido, Eunice
240
1
0
_a
Um grande susto
_l
por
245
1
0
_a
Um grande susto
362
0
_a
1899
697
_a
MAGNITO: I/AVENTURA, CRIANCAS
942
_c
BK
999
_c
178484
_d
178484